E-commerce (malayalam) (Record no. 42464)
[ view plain ]
| 000 -LEADER | |
|---|---|
| fixed length control field | 00315nam a2200121Ia 4500 |
| 020 ## - INTERNATIONAL STANDARD BOOK NUMBER | |
| ISBN | 8176382906 |
| 082 ## - DEWEY DECIMAL CLASSIFICATION NUMBER | |
| Classification number | 004.78:339 |
| Item number | SAR |
| 100 ## - MAIN ENTRY--AUTHOR NAME | |
| Personal name | Sarngadharan, M |
| 245 #0 - TITLE STATEMENT | |
| Title | E-commerce (malayalam) |
| 260 ## - PUBLICATION, DISTRIBUTION, ETC. (IMPRINT) | |
| Place of publication | Trivandrum |
| Name of publisher | Kerala Bhasha Institute |
| Year of publication | 2001 |
| 942 ## - ADDED ENTRY ELEMENTS (KOHA) | |
| Koha item type | Books |
| Withdrawn status | Lost status | Damaged status | Not for loan | Home library | Current library | Date acquired | Cost, normal purchase price | Full call number | Accession Number | Koha item type |
|---|---|---|---|---|---|---|---|---|---|---|
| RRII Library | RRII Library | 16/12/2021 | 40.00 | 004.78:339 SAR | 22736 | Books |